[Event "Ambalangoda Dhamso op 8th"]
[Site "Ambalangoda"]
[Date "2018.04.20"]
[Round "3"]
[White "Kumara, CMS Praneeth"]
[Black "Waranga, MG Yasasmi"]
[Result "0-1"]
[WhiteElo "1836"]
[BlackElo "1386"]
[PlyCount "118"]
[EventDate "2018.04.19"]
[EventType "swiss"]
[EventRounds "9"]
[EventCountry "SRI"]
[SourceTitle "CBM 184 Extra"]
[Source "ChessBase"]
[SourceDate "2018.06.28"]
[SourceVersion "1"]
[SourceVersionDate "2018.06.28"]
[SourceQuality "1"]

1. e4 e5 2. Nf3 Nc6 3. Nc3 Nf6 4. Bb5 Bb4 5. 0-0 0-0 6. d3 d6 7. Bg5 Be6 8. Nd5 Bxd5 9. exd5 Nb8 10. c3 Ba5 11. Bc4 a6 12. Nd2 Nbd7 13. Ne4 h6 14. Bh4 g5 15. Bg3 Nh7 16. Nd2 f5 17. f3 Bb6+ 18. Bf2 Bxf2+ 19. Rxf2 Qf6 20. Bb3 Kf7 21. Qe2 Rae8 22. Re1 Ke7 23. Ba4 Kd8 24. Bxd7 Kxd7 25. Nb3 h5 26. Qd2 Qg6 27. d4 e4 28. fxe4 Rxe4 29. Rxe4 fxe4 30. Rxf8 Nxf8 31. Qe3 Nh7 32. Nd2 Nf6 33. c4 Qf5 34. h3 h4 35. Qf2 Qf4 36. Kf1 c6 37. dxc6+ bxc6 38. Ke1 Qxf2+ 39. Kxf2 d5 40. Ke3 Nh5 41. Nb3 Nf4 42. cxd5 cxd5 43. Nc5+ Kc6 44. Kf2 a5 45. a4 Kc7 46. g3 hxg3+ 47. Kxg3 Ne2+ 48. Kg4 Nxd4 49. Kxg5 Kc6 50. h4 Kxc5 51. h5 e3 52. h6 e2 53. h7 e1Q 54. h8Q Qg3+ 55. Kf6 Qf4+ 56. Ke7 Qg5+ 57. Kd7 Qf5+ 58. Kd8 Nc6+ 59. Kc7 Qe5+ 0-1

[Event "SRI-chB (Women)"]
[Site "Colombo"]
[Date "2018.03.02"]
[Round "3"]
[White "Waranga, MG Yasasmi"]
[Black "Kodikara, KKM Sachintha"]
[Result "0-1"]
[WhiteElo "1437"]
[BlackElo "1541"]
[PlyCount "42"]
[EventDate "2018.03.01"]
[EventType "swiss"]
[EventRounds "10"]
[EventCountry "SRI"]
[SourceTitle "EXT 2019"]
[Source "ChessBase"]
[SourceDate "2018.10.10"]
[SourceVersion "1"]
[SourceVersionDate "2018.10.10"]
[SourceQuality "1"]

1. e4 e6 2. d4 d5 3. exd5 exd5 4. Bd3 Nc6 5. c3 Bd6 6. h3 Nge7 7. Nf3 Be6 8. Ng5 Qd7 9. 0-0 0-0-0 10. Nxe6 fxe6 11. Qg4 e5 12. Qxd7+ Kxd7 13. dxe5 Nxe5 14. Bd2 Rdf8 15. b3 Bc5 16. b4 Bb6 17. a4 Rxf2 18. Rxf2 Rf8 19. a5 Bxf2+ 20. Kh2 a6 21. Ra2 Bh4 0-1

[Event "SRI-chB (Women)"]
[Site "Narahenpita"]
[Date "2017.05.14"]
[Round "5"]
[White "De Silva, Shelani"]
[Black "Waranga, MG Yasasmi"]
[Result "1/2-1/2"]
[WhiteElo "1629"]
[BlackElo "1252"]
[PlyCount "35"]
[EventDate "2017.05.12"]
[EventType "swiss"]
[EventRounds "10"]
[EventCountry "SRI"]
[SourceTitle "CBM 178 Extra"]
[Source "ChessBase"]
[SourceDate "2017.06.22"]
[SourceVersion "1"]
[SourceVersionDate "2017.06.22"]
[SourceQuality "1"]

1. e4 d5 2. exd5 Qxd5 3. Nc3 Qd8 4. d4 Nf6 5. Nf3 Bf5 6. Bd3 Bxd3 7. Qxd3 e6 8. Bg5 c6 9. 0-0-0 Bd6 10. Rhe1 Nbd7 11. d5 cxd5 12. Nxd5 Be7 13. Nxe7 Qxe7 14. Qb5 0-0-0 15. Bf4 Qc5 16. Qe2 Nd5 17. Bg3 N7b6 18. Qe5 1/2-1/2